Seismic design of reinforced concrete buildings.

Zapisane w:
Opis bibliograficzny
1. autor: Moehle, Jack (Autor)
Format: Nieznany
Wydane: New York, USA: McGraw-Hill, 2015.
Hasła przedmiotowe:
Etykiety: Dodaj etykietę
Nie ma etykietki, Dołącz pierwszą etykiete!

MARC

LEADER 00000 a2200000 4500
003 CL-VaPUC
005 20240108160749.0
008 231211t2015 ||||| |||| 00| 0 eng d
999 |c 442668  |d 442666 
020 |a  978-0071839440 
040 |c Pontificia Universidad Católica de Valparaíso 
082 7 |a 693.852 MOE 2015  |2 22 
100 |a Moehle, Jack  |9 886345  |e author 
245 |a Seismic design of reinforced concrete buildings. 
260 |a New York, USA:  |b McGraw-Hill,   |c 2015. 
300 |a xxii, 760 páginas ;  |b  ilustraciones.  
583 |k GC  |c 20231211 
610 |a American Concrete Institute  |v Estándares   |x Edificios de concreto  |x Construcción antisísmica   |9 886454 
650 |a Edificios de concreto  |x Construcción antisísmica   |9 886455 
942 |2 ddc  |c BK 
952 |0 0  |1 0  |2 ddc  |4 0  |6 693_852000000000000_MOE_2015  |7 0  |8 A  |9 592799  |a BIBING  |b BIBING  |c GEN  |d 2023-12-07  |e 1  |g 149531.63  |i 5659774  |o 693.852 MOE 2015  |p 5659774  |r 2025-01-20  |t 1  |v 149531.63  |w 2023-12-07  |y BK  |k CIC 
952 |0 0  |1 0  |2 ddc  |4 0  |6 693_852000000000000_MOE_2015  |7 0  |8 A  |9 593531  |a BIBING  |b BIBING  |d 2024-03-04  |e 3  |g 155676.50  |i 5660266  |o 693.852 MOE 2015  |p 5660266  |r 2025-01-20  |t 2  |v 155676.50  |w 2024-03-04  |y BK  |k CIC 
952 |0 0  |1 0  |2 ddc  |4 0  |6 693_852000000000000_MOE_2015  |7 0  |8 A  |9 593532  |a BIBING  |b BIBING  |d 2024-03-04  |e 3  |g 155676.50  |i 5660267  |o 693.852 MOE 2015  |p 5660267  |r 2025-01-20  |t 3  |v 155676.50  |w 2024-03-04  |y BK  |k CIC